000 00305nam a22001457a 4500
003 SGT
020 _a978-81-8489-793-7
082 _a615
_bFRA
100 _aFRANCIS, G. E.
245 _aDRUG TARGETING
260 _aUSA
_bHUMANA PUB
_c2000
300 _a318
650 _aDRUG TARGETING
942 _2ddc
_cBK
999 _c33115
_d33115